000 00518nmm a2200157Ia 4500
008 251105s9999||||xx |||||||||||||||||und||
041 _aeng
100 _aEider Muniategi Azkona (Coord.), Lina Klemkaite (Coord.)
245 0 _aLocal initiatives to the global finalcial crisis
264 _a[Madrid, España] :
_bUniversidad de Deusto,
_c2012
300 _a296 páginas
490 _aGris - Serie Maior
650 _aEconomics and Business
856 _uhttps://public.digitaliapublishing.com/a/18128
942 _cCF
999 _c99406
_d99406